|
|
|
|
| LEADER |
00000nab#a22000007a#4500 |
| 001 |
arbauad007085 |
| 003 |
AR-BaUAD |
| 005 |
20250711110820.0 |
| 008 |
941122|||||||||###||||||b###|0###a|spa|| |
| 040 |
|
|
|a AR-BaUAD
|c AR-BaUAD
|b spa
|
| 100 |
|
|
|a Slessor, Catherine
|
| 245 |
|
|
|a Window shopping /
|c Catherine Slessor;
|
| 300 |
0 |
|
|b cortes, fot., plantas, vistas
|
| 653 |
|
|
|a LIFSCHUTZ, ALEX
|
| 653 |
|
|
|a DAVIDSON, IAN
|
| 653 |
|
|
|a SUPERMERCADOS
|
| 653 |
|
|
|a INGLATERRA
|
| 653 |
|
|
|a REINO UNIDO
|
| 773 |
0 |
|
|t ARCHITECTURAL REVIEW
|g no. 1165 [mar. 1994], p. 50-52
|
| 942 |
|
|
|c ARTI
|
| 952 |
|
|
|0 0
|1 0
|4 0
|7 0
|9 52005
|a AR-BAuAD
|b AR-BAuAD
|d 2025-07-11
|l 0
|p AAQA007085
|r 2025-07-11 11:08:20
|w 2025-07-11
|y ARTI
|
| 990 |
|
|
|a AQ199
|b TD
|
| 998 |
|
|
|a AAQ
|b BIBUN76
|
| 999 |
|
|
|c 31678
|d 31678
|